Function of criticism in India: (Record no. 1678635)

MARC details
000 -LEADER
fixed length control field 00648nam a22002057a 4500
005 - DATE AND TIME OF LATEST TRANSACTION
control field 20260204124307.0
008 - FIXED-LENGTH DATA ELEMENTS--GENERAL INFORMATION
fixed length control field 260204b |||||||| |||| 00| 0 eng d
037 ## - SOURCE OF ACQUISITION
Terms of availability TB
040 ## - CATALOGING SOURCE
Original cataloging agency CL
Transcribing agency CL
041 ## - LANGUAGE CODE
Source of code eng
Language code of text/sound track or separate title eng
084 ## - COLON CLASSIFICATION NUMBER
Classification number O44:g R5
Assigning agency CRL
100 ## - MAIN ENTRY--PERSONAL NAME
Personal name Narasimhaiah, C.D.
9 (RLIN) 1113633
245 ## - TITLE STATEMENT
Title Function of criticism in India:
Remainder of title essays in Indian response to literature
260 ## - PUBLICATION, DISTRIBUTION, ETC.
Place of publication, distribution, etc. Mysore, India:
Name of publisher, distributor, etc. Central Institute of Indian Language,
Date of publication, distribution, etc. 2025.
300 ## - PHYSICAL DESCRIPTION
Extent xiv,233p.
365 ## - TRADE PRICE
Price type code INR
Price amount 450
650 ## - SUBJECT ADDED ENTRY--TOPICAL TERM
Source of heading or term Indian Literature
942 ## - ADDED ENTRY ELEMENTS (KOHA)
Source of classification or shelving scheme Colon Classification (CC)
Koha item type Textbook
Classification part O44:g R5
Suppress in OPAC No
Holdings
Withdrawn status Lost status Source of classification or shelving scheme Damaged status Not for loan Home library Current library Date acquired Source of acquisition Cost, normal purchase price Total Checkouts Full call number Barcode Date last seen Price effective from Koha item type
    Colon Classification (CC)     Central Library Central Library 2026-02-04 Gift 450.00   O44:g R5 CL1700348 2026-02-04 2026-02-04 Textbook
Copyright @ Delhi University Library System